| 000 | 00430nam a22001697a 4500 | ||
|---|---|---|---|
| 003 | OSt | ||
| 005 | 20220228110302.0 | ||
| 008 | 220228b |||||||| |||| 00| 0 eng d | ||
| 020 | _a978-81-312-3897-4 | ||
| 040 |
_aDDC _cHU |
||
| 082 |
_27TH _a618.92 _b1 |
||
| 100 |
_aKAREN J.MARCDANTE _931821 |
||
| 245 | _aNELSON ESSENTIALS OF PEDIATRICS | ||
| 250 | _a7TH | ||
| 260 |
_aPHILADELPHIA _bELSEVIER INC _c2015 |
||
| 942 |
_2ddc _cBOOKS _n0 |
||
| 999 |
_c31876 _d31876 |
||